|
|
|
|
| LEADER |
00000nam a2200000 a 4500 |
| 001 |
vtls009168107 |
| 003 |
SK-MaSNL |
| 005 |
20260301053046.0 |
| 008 |
160610s2007 xo al c 000 0 slo |
| 015 |
|
|
|a SNBA2008/06-02554
|
| 020 |
|
|
|a 9788071587965
|q (brož.)
|
| 035 |
|
|
|a FDC0B7FC-FD25-4D68-8C23-5ACD0137E450
|
| 035 |
|
|
|a urn:nbn:sk:snk-aml1v3
|
| 035 |
|
|
|a urn:nbn:sk:snk-am008mkt
|
| 040 |
|
|
|a SNK
|b slo
|c SNK
|e AACR2
|
| 041 |
0 |
|
|a slo
|
| 044 |
|
|
|a xo
|c SK
|
| 072 |
|
7 |
|a 811.162.4
|x Slovenčina
|2 konspekt
|
| 080 |
|
|
|a 811.162.4
|2 2001
|
| 080 |
|
|
|a (075.2)
|2 2001
|
| 080 |
|
|
|a (076.5)
|2 2001
|
| 100 |
1 |
|
|a Krajčovičová, Jarmila,
|d 1961-
|4 aut
|9 213384
|
| 245 |
1 |
0 |
|a Slovenský jazyk 7
|b zbierka úloh a cvičení
|c [Jarmila Krajčovičová, Milada Caltíková ; ilustrácie: Viktor Csiba]
|
| 250 |
|
|
|a [1. vyd.]
|
| 260 |
|
|
|a Bratislava
|b Orbis Pictus Istropolitana
|c 2007
|
| 300 |
|
|
|a 64 s.
|b ilustr., tab.
|c 23 cm
|
| 504 |
|
|
|a Bibliogr. odkazy
|
| 650 |
0 |
7 |
|a slovenčina
|2 SNKPH
|9 1350
|
| 655 |
|
7 |
|a učebnice základných škôl
|2 SNKPH
|9 70187
|
| 655 |
|
7 |
|a praktické cvičenia
|2 SNKPH
|9 70517
|
| 700 |
1 |
|
|a Caltíková, Milada
|4 aut
|9 240361
|
| 700 |
1 |
|
|a Csiba, Viktor
|4 ill
|9 213396
|
| 919 |
|
|
|a 978-80-7158-796-5
|
| 958 |
|
|
|a NB
|
| 958 |
|
|
|a OND
|
| 999 |
|
|
|c 607347
|d 609277
|
| 952 |
|
|
|a SNK
|b SNK
|y PREZ
|7 0
|p 17A0573694
|o snkSC 130182
|i snk2007/27318
|8 0
|0 0
|1 0
|4 0
|d 2007-12-17
|f 1
|l 0
|r 2025-06-19 00:00:00
|w 2026-02-23
|
| 952 |
|
|
|a SNK
|b SNK
|y VYP
|7 0
|p 17A0888347
|o snkSC 130182 D1
|i snk2007/27319
|8 0
|0 0
|1 0
|4 0
|d 2007-12-17
|l 0
|r 2026-02-23 16:13:02
|w 2026-02-23
|